[Event "Eger Tel op"]
[Site "Eger"]
[Date "2008.01.26"]
[Round "5"]
[White "Csirik, Andras"]
[Black "Foldi, Kristof"]
[Result "1-0"]
[WhiteElo "2226"]
[BlackElo "2070"]
[PlyCount "79"]
[EventDate "2008.01.24"]
[EventType "swiss"]
[EventRounds "7"]
[EventCountry "HUN"]
[SourceTitle "EXT 2011"]
[Source "ChessBase"]
[SourceDate "2010.11.26"]
[SourceVersion "1"]
[SourceVersionDate "2010.11.26"]
[SourceQuality "1"]

1. e4 c5 2. Nf3 Nc6 3. d4 cxd4 4. Nxd4 Nf6 5. Nc3 d6 6. Bg5 e6 7. Qd2 a6 8. 0-0-0 h6 9. Nxc6 bxc6 10. Bf4 d5 11. Qe3 Bb4 12. Be2 Bxc3 13. Qxc3 Nxe4 14. Qxg7 Qf6 15. Qxf6 Nxf6 16. Be5 Ke7 17. Rd3 Rg8 18. Rh3 Ne4 19. Bg3 Rg6 20. Bh4+ f6 21. Bd3 e5 22. Re3 Rg4 23. g3 Rxh4 24. gxh4 Nxf2 25. Rg1 Ng4 26. Reg3 f5 27. h3 Nf6 28. Rg7+ Ke6 29. Bxf5+ Kxf5 30. Rf1+ Ke4 31. Rxf6 Bxh3 32. Rg3 Bd7 33. Rxh6 Rf8 34. Rg1 d4 35. Rd6 Bh3 36. Rdg6 Rf2 37. h5 Bf5 38. R6g2 Kf3 39. Rxf2+ Kxf2 40. Rg5 1-0

[Event "Eger Tel op"]
[Site "Eger"]
[Date "2008.01.24"]
[Round "1"]
[White "Kemendi, Daniel"]
[Black "Foldi, Kristof"]
[Result "0-1"]
[WhiteElo "1634"]
[BlackElo "2070"]
[PlyCount "102"]
[EventDate "2008.01.24"]
[EventType "swiss"]
[EventRounds "7"]
[EventCountry "HUN"]
[SourceTitle "EXT 2011"]
[Source "ChessBase"]
[SourceDate "2010.11.26"]
[SourceVersion "1"]
[SourceVersionDate "2010.11.26"]
[SourceQuality "1"]

1. e4 c5 2. c3 d5 3. exd5 Qxd5 4. Nf3 Nf6 5. Be2 e6 6. 0-0 Be7 7. d4 0-0 8. Be3 Ng4 9. Bf4 Nc6 10. h3 Nf6 11. dxc5 Qxc5 12. Be3 Qf5 13. Nd4 Nxd4 14. Bxd4 Rd8 15. Bd3 Qd5 16. Bc2 e5 17. Be3 Qc6 18. Qe2 b6 19. Nd2 Bb7 20. Nf3 Bd6 21. Rad1 a5 22. Bg5 Ba6 23. Bd3 Bxd3 24. Rxd3 e4 25. Nd4 exd3 26. Qxd3 Qe4 27. Qxe4 Nxe4 28. Bxd8 Rxd8 29. Re1 Nf6 30. Kf1 Kf8 31. Rd1 Be7 32. Ke2 Ke8 33. Kd3 Bc5 34. Kc4 Bxd4 35. Rxd4 Rxd4+ 36. Kxd4 Kd7 37. b4 Kd6 38. a3 axb4 39. axb4 b5 40. g4 Nd5 41. c4 bxc4 42. Kxc4 Nf4 43. h4 Ng6 44. h5 Ne5+ 45. Kd4 Nxg4 46. f3 Nf6 47. h6 gxh6 48. b5 Nd7 49. Ke4 Ke6 50. Kf4 f5 51. Kg3 Ke5 0-1

[Event "HUN-chT2 Maroczy 0708"]
[Site "Hungary"]
[Date "2007.12.09"]
[Round "4"]
[White "Szabo, Laszlo4444"]
[Black "Foldi, Kristof"]
[Result "0-1"]
[WhiteElo "2027"]
[BlackElo "2070"]
[PlyCount "40"]
[EventDate "2007.10.14"]
[EventType "team"]
[EventRounds "11"]
[EventCountry "HUN"]
[SourceTitle "EXT 2009"]
[Source "ChessBase"]
[SourceDate "2008.11.26"]
[SourceVersion "1"]
[SourceVersionDate "2008.11.26"]
[SourceQuality "1"]
[WhiteTeam "Hajduboszormeny"]
[BlackTeam "Matra"]
[WhiteTeamCountry "HUN"]
[BlackTeamCountry "HUN"]

1. e4 c5 2. Nf3 Nc6 3. d4 cxd4 4. Nxd4 Nf6 5. Nc3 e5 6. Ndb5 d6 7. Bg5 a6 8. Na3 b5 9. Nd5 Be7 10. Bxf6 Bxf6 11. c3 0-0 12. Be2 Bg5 13. 0-0 Ne7 14. Nc2 Nxd5 15. Qxd5 Be6 16. Qc6 Qb8 17. Rfd1 Be7 18. Nb4 Rc8 19. Nxa6 Rxc6 20. Nxb8 Rxb8 0-1

[Event "HUN-chT2 Maroczy 0607"]
[Site "Hungary"]
[Date "2007.05.20"]
[Round "11"]
[White "Kovacs, Laszlo2222"]
[Black "Foldi, Kristof"]
[Result "1/2-1/2"]
[WhiteElo "2091"]
[BlackElo "1963"]
[PlyCount "61"]
[EventDate "2006.11.12"]
[EventType "team"]
[EventRounds "11"]
[EventCountry "HUN"]
[SourceTitle "EXT 2008"]
[Source "ChessBase"]
[SourceDate "2007.11.25"]
[SourceVersion "1"]
[SourceVersionDate "2007.11.25"]
[SourceQuality "1"]
[WhiteTeam "Teva"]
[BlackTeam "Matra"]
[WhiteTeamCountry "HUN"]
[BlackTeamCountry "HUN"]

1. d4 Nf6 2. c4 g6 3. Nc3 Bg7 4. e4 d6 5. f3 0-0 6. Be3 Nc6 7. Nge2 a6 8. Qd2 Rb8 9. h4 b5 10. h5 bxc4 11. 0-0-0 a5 12. Bh6 e5 13. Bxg7 Kxg7 14. hxg6 fxg6 15. Qh6+ Kg8 16. dxe5 Nxe5 17. Nd5 Qd7 18. Nef4 Ba6 19. Qh4 Nxd5 20. Nxd5 Qg7 21. Nc3 Rb7 22. f4 Nd3+ 23. Bxd3 cxd3 24. e5 dxe5 25. fxe5 Rb4 26. g4 h5 27. Nd5 Rc4+ 28. Kb1 Qxe5 29. Ne7+ Kg7 30. Nxg6 Kxg6 31. Rhe1 1/2-1/2